Ser verdad acción: ensayos filosóficos
Enregistré dans:
| Auteur principal: | |
|---|---|
| Format: | Livre |
| Langue: | espagnol |
| Publié: |
Barcelona
Gedisa
1998
|
| Collection: | Colección Filosofia
|
| Sujets: | |
| Tags: |
Ajouter un tag
Pas de tags, Soyez le premier à ajouter un tag!
|
MARC
| LEADER | 00000nam a2200000 a 4500 | ||
|---|---|---|---|
| 001 | UCP2514 | ||
| 003 | CL-VaPUC | ||
| 008 | 990520e19980000SP |||||||||||||||||spa|d | ||
| 082 | 0 | 4 | |a 149.94 |b TUG |2 21 |
| 100 | 0 | |a Tugendhat, Ernst |e author |9 429293 | |
| 245 | 1 | 0 | |a Ser verdad acción: ensayos filosóficos |
| 300 | |a 271 p | ||
| 942 | |c BK | ||
| 945 | |d 19990520 00:00:00 |a rbrito | ||
| 260 | |a Barcelona |b Gedisa |c 1998 | ||
| 650 | 0 | |a Filosofía del lenguaje |9 257082 | |
| 650 | 0 | |a Metafísica |9 265649 | |
| 650 | 0 | |a Ontología |9 256850 | |
| 583 | |a last modification |c 20160105 11:29:22 |k Rodrigo Vera | ||
| 490 | 0 | |a Colección Filosofia | |
| 999 | |c 281035 |d 281033 | ||
| 952 | |0 0 |1 0 |4 0 |6 149_940000000000000_TUG_1998 |7 0 |8 A |9 321643 |a BIBEDU |b BIBEDU |d 2019-11-20 |i 3517934 |o 149.94 TUG 1998 |p 3517934 |r 2019-11-20 |w 2019-11-20 |y BK |k FIL | ||
| 952 | |0 0 |1 0 |4 0 |6 149_940000000000000_TUG_1998 |7 0 |8 A |9 321644 |a BIBEDU |b BIBEDU |d 2019-11-20 |i 4150635 |o 149.94 TUG 1998 |p 4150635 |r 2019-11-20 |w 2019-11-20 |y BK |k FIL | ||